Kendine ait bir oda (Record no. 21381)

000 -LEADER
fixed length control field 01083nmm a2200313 a 4500
001 - CONTROL NUMBER
control field ocm0002347974
003 - CONTROL NUMBER IDENTIFIER
control field TR-IsHL
005 - DATE AND TIME OF LATEST TRANSACTION
control field 20201028185244.0
008 - FIXED-LENGTH DATA ELEMENTS--GENERAL INFORMATION
fixed length control field 190905s2019 tu tur
007 - PHYSICAL DESCRIPTION FIXED FIELD--GENERAL INFORMATION
fixed length control field cr cn
020 ## - INTERNATIONAL STANDARD BOOK NUMBER
International Standard Book Number 9786054977826
035 ## - SYSTEM CONTROL NUMBER
System control number 2347974
-- (N$T)
050 04 - LIBRARY OF CONGRESS CALL NUMBER
Classification number PR6045.O72
Item number Z4719 2019
090 04 - LOCALLY ASSIGNED LC-TYPE CALL NUMBER (OCLC); LOCAL CALL NUMBER (RLIN)
Classification number (OCLC) (R) ; Classification number, CALL (RLIN) (NR) PR6045.O72
Local cutter number (OCLC) ; Book number/undivided call number, CALL (RLIN) Z4719 2019
100 1# - MAIN ENTRY--PERSONAL NAME
Personal name Woolf, Virginia
245 10 - TITLE STATEMENT
Title Kendine ait bir oda
Medium [electronic resource] /
Statement of responsibility, etc. Virginia Woolf ; çeviren Leyla Yıldırım, editör Nesli Yalçın
250 ## - EDITION STATEMENT
Edition statement 2. Baskı
260 ## - PUBLICATION, DISTRIBUTION, ETC.
Place of publication, distribution, etc. İstanbul :
Name of publisher, distributor, etc. İlgi Kültür Sanat Yayıncılık ,
Date of publication, distribution, etc. 2019
300 ## - PHYSICAL DESCRIPTION
Extent 160 p.
500 ## - GENERAL NOTE
General note özgün adı: A Room of one's own
650 #4 - SUBJECT ADDED ENTRY--TOPICAL TERM
Topical term or geographic name entry element Dil ve Edebiyat
650 #4 - SUBJECT ADDED ENTRY--TOPICAL TERM
Topical term or geographic name entry element Language and Literature
650 #0 - SUBJECT ADDED ENTRY--TOPICAL TERM
Topical term or geographic name entry element İngiliz denemeleri
650 #0 - SUBJECT ADDED ENTRY--TOPICAL TERM
Topical term or geographic name entry element English essays
650 #7 - SUBJECT ADDED ENTRY--TOPICAL TERM
Topical term or geographic name entry element LITERARY COLLECTIONS / European / English, Irish, Scottish, Welsh
Source of heading or term bisacsh
700 1# - ADDED ENTRY--PERSONAL NAME
Personal name Yıldırım, Leyla
700 1# - ADDED ENTRY--PERSONAL NAME
Personal name Yalçın, Nesli
856 40 - ELECTRONIC LOCATION AND ACCESS
Uniform Resource Identifier <a href="http://search.ebscohost.com/login.aspx?direct=true&scope=site&db=e011xww&AN=2347974">http://search.ebscohost.com/login.aspx?direct=true&scope=site&db=e011xww&AN=2347974</a>
Holdings
Withdrawn status Lost status Source of classification or shelving scheme Damaged status Not for loan Collection code Permanent Location Current Location Date acquired Total Checkouts Full call number Barcode Date last seen Price effective from Koha item type
        Online   Kıbrıs Amerikan Üniversitesi Kütüphanesi / American University of Cyprus Kıbrıs Amerikan Üniversitesi Kütüphanesi / American University of Cyprus 28.10.2020   PR6045.O72 Z4719 2019 2347974 28.10.2020 28.10.2020 E-Kitap
Devinim Yazılım Eğitim Danışmanlık tarafından Koha'nın orjinal sürümü uyarlanarak geliştirilip kurulmuştur.